| 000 | 00471nam a22001817i 4500 | ||
|---|---|---|---|
| 001 | 3471 | ||
| 003 | OSt | ||
| 005 | 20170126082319.0 | ||
| 007 | tu | ||
| 008 | 161220s1997 xxu||||| |||| 00| 0 d | ||
| 024 | 7 |
_a3470 _2RID |
|
| 040 | _cOSt | ||
| 084 |
_a8.23 _2z |
||
| 100 | 1 | _aWolfmayr-Schnitzer, Yvonne | |
| 245 | 0 | 0 | _aThe Competitiveness of Transition Countries |
| 260 |
_aWien : _bÖsterreichisches Institut für Wirtschaftsforschung (WIFO), _c1997. |
||
| 300 |
_a197 S. ; _c30cm. |
||
| 942 | _cB | ||
| 999 |
_c3421 _d3421 |
||